000 00253nam a22001097a 4500
005 20251014100145.0
008 251014b |||||||| |||| 00| 0 eng d
040 _cPK-LaNCA
082 _a720.922
_bKRU
245 _aKrueck Sexton : architects
942 _cBK
999 _c67022
_d67022